Every City in Western Australia on the Map - Statistics

General Stats
  • This quiz has been taken 252 times
  • The average score is 19 of 53
Answers on the Map
Answers color-coded by a green-red scale on the quiz's map according to % correct below.
 
Answer Stats
Region Pop City % Correct
Perth 2,043,762 Perth
95%
Great Southern 31,128 Albany
79%
Kimberley 14,660 Broome
76%
Goldfields-Esperance 10,218 Esperance
76%
South West 75,196 Bunbury
75%
Goldfields-Esperance 29,068 Kalgoorlie-Boulder
74%
Mid West 32,717 Geraldton
73%
Pilbara 15,298 Port Hedland
65%
South West 27,233 Busselton
64%
Gascoyne 2,806 Exmouth
64%
Pilbara 17,013 Karratha
60%
South West 7,430 Margaret River
59%
Kimberley 3,009 Derby
48%
Gascoyne 4,162 Carnarvon
47%
Great Southern 2,944 Denmark
47%
South West 7,182 Dunsborough
47%
South West 1,211 Augusta
45%
Kimberley 4,515 Kununurra
44%
Pilbara 4,239 Newman
40%
Wheatbelt 6,679 Northam
40%
Pilbara 2,874 Tom Price
38%
Mid West 1,270 Kalbarri
37%
Perth 11,009 Yanchep
36%
South West 4,138 Manjimup
32%
Peel 3,883 Pinjarra
32%
Wheatbelt 2,399 York
32%
South West 7,184 Collie
29%
Pilbara 1,282 Dampier
29%
Wheatbelt 1,600 Jurien Bay
28%
Mid West 2,841 Port Denison - Dongara
26%
Kimberley 1,022 Fitzroy Crossing
25%
Perth 2,853 Two Rocks
25%
South West 2,797 Harvey
24%
Wheatbelt 3,745 Narrogin
24%
South West 2,786 Donnybrook
23%
Great Southern 3,641 Katanning
23%
Great Southern 1,898 Mount Barker
23%
South West 2,300 Bridgetown
22%
Wheatbelt 2,384 Merredin
22%
South West 2,402 Capel
21%
Peel 1,485 Serpentine
19%
Peel 2,368 Waroona
18%
Wheatbelt 1,311 Wagin
17%
South West 2,119 Cowaramup
16%
Goldfields-Esperance 1,660 Kambalda West
16%
Pilbara 1,319 Paraburdoo
16%
Perth 2,225 Bullsbrook
15%
Pilbara 2,016 Wickham
13%
Wheatbelt 1,591 Moora
10%
South West 1,271 Binningup
9%
Mid West 2,219 Drummond Cove
8%
Great Southern 1,655 Little Grove
8%
Peel 2,284 Mundijong
8%
No matching quizzes found
Score Distribution
Percent of People with Each Score
Percentile by Number Answered
Your Score History
You have not taken this quiz